Sociálne podnikanie v cestovnom ruchu

Analýza sektorového zamerania subjektov sociálneho podnikania s dôrazom na odvetvie cestovného ruchu a súvisiace oblasti pôsobenia a formulovanie odporučení pre nastavenie tohto nástroja sociálnej politiky v podmienkach Slovenska.

Na minha lista:
Detalhes bibliográficos
Autor principal: Chreneková, Marcela
Outros Autores: Jarábková, Jana, Gubáňová, Monika
Formato: Capítulo de Livro
Idioma:eslovaco
Assuntos:
Tags: Adicionar Tag
Sem tags, seja o primeiro a adicionar uma tag!

MARC

LEADER 00000naa a2200000 4500
001 0228000
005 20221019172939.0
041 0 |a slo 
044 |a SK 
245 1 0 |a Sociálne podnikanie v cestovnom ruchu  |c Marcela Chreneková, Jana Jarábková, Monika Gubáňová 
520 |a Analýza sektorového zamerania subjektov sociálneho podnikania s dôrazom na odvetvie cestovného ruchu a súvisiace oblasti pôsobenia a formulovanie odporučení pre nastavenie tohto nástroja sociálnej politiky v podmienkach Slovenska. 
610 2 0 |a podnikanie sociálne 
610 2 0 |a ruch cestovný 
610 2 0 |a Európska únia 
610 2 0 |a Slovensko 
100 1 |a Chreneková, Marcela 
700 1 |a Jarábková, Jana 
700 1 |a Gubáňová, Monika